000 00275nam a22001337a 4500
008 180924b xxu||||| |||| 00| 0 eng d
020 _a9780071745857
041 _aeng
080 _a510
100 _a37
101 _aMAT
245 _aGeometry
_cRich, B
942 _2udc
_cBK
999 _c48401
_d48401